Normal view
MARC view
- China
Entry Geographic Name
001 - CONTROL NUMBER
- control field: 153592
003 - CONTROL NUMBER IDENTIFIER
- control field: TR-AnTOB
005 - DATE AND TIME OF LATEST TRANSACTION
- control field: 20260413120345.0
008 - FIXED-LENGTH DATA ELEMENTS
- fixed length control field: 260413n|eazannaab| |n aaa d
035 ## - SYSTEM CONTROL NUMBER
- System control number: (TR-AnTOB)153592
040 ## - CATALOGING SOURCE
- Original cataloging agency: TR-AnTOB
- Transcribing agency: TR-AnTOB
151 ## - HEADING--GEOGRAPHIC NAME
- Geographic name: China
- General subdivision: History
- Chronological subdivision: 19th century
- Form subdivision: Fiction
451 ## - SEE FROM TRACING--GEOGRAPHIC NAME
- Geographic name: Çin
- General subdivision: Tarih
- Chronological subdivision: 19. yüzyıl
- Form subdivision: Roman
688 ## - APPLICATION HISTORY NOTE
- Institution to which field applies: TR-AnTOB
- Application history note: Op 13.04.2026



